| 000 | 00951nam a22003610a 4500 | ||
|---|---|---|---|
| 001 | PT36031 | ||
| 003 | AR-LpoUNG | ||
| 005 | 20210131230334.0 | ||
| 008 | 191001s2008||||ag |||||||||||||||||spa d | ||
| 020 |
_a9789875742536 _c$8.75 |
||
| 040 |
_aAR-LpoUNG _bspa _cAR-LpoUNG _eaacr |
||
| 041 | _aspa | ||
| 044 | _aag | ||
| 082 | 0 | _a982.065 216pro | |
| 100 | 1 | _aCanelo, Paula | |
| 245 | 1 | 3 |
_aEl proceso en su laberinto : _bla interna militar de Videla a Bignone |
| 250 | _a1ra. ed. | ||
| 260 |
_aBuenos Aires : _bPrometeo, _c2008. |
||
| 300 |
_a245 p. : _bil. |
||
| 650 | 4 | _aANALISIS HISTORICO | |
| 650 | 4 | _aANALISIS SOCIOLOGICO | |
| 650 | 4 | _aARGENTINA | |
| 650 | 4 | _aASPECTOS POLITICOS | |
| 650 | 4 | _aCOMPORTAMIENTO POLITICO | |
| 650 | 4 | _aDICTADURA | |
| 650 | 4 | _aGOBIERNO MILITAR | |
| 650 | 4 | _aHISTORIA POLITICA | |
| 650 | 4 | _aJEFES DE ESTADO | |
| 650 | 4 | _aPODER POLITICO | |
| 651 | 4 | _aArgentina | |
| 905 | _a36031 | ||
| 942 | _cLIB | ||
| 999 |
_c2889 _d2889 |
||